Minerva : (Record no. 377732)
[ view plain ]
| 000 -LEADER | |
|---|---|
| fixed length control field | 00708nam a2200217 a 4500 |
| 001 - CONTROL NUMBER | |
| control field | 001186997 |
| 003 - CONTROL NUMBER IDENTIFIER | |
| control field | AM-YeHGA |
| 005 - DATE AND TIME OF LATEST TRANSACTION | |
| control field | 20250617152803.0 |
| 008 - FIXED-LENGTH DATA ELEMENTS--GENERAL INFORMATION | |
| fixed length control field | 161103s1906 gw a r 000 0 ger d |
| 040 ## - CATALOGING SOURCE | |
| Original cataloging agency | AM-YeHGA |
| 041 0# - LANGUAGE CODE | |
| Language code of text/sound track or separate title | ger |
| 090 ## - LOCALLY ASSIGNED LC-TYPE CALL NUMBER (OCLC); LOCAL CALL NUMBER (RLIN) | |
| -- | 379644 |
| 245 00 - TITLE STATEMENT | |
| Title | Minerva : |
| Remainder of title | Jahrbuch der gelehrten Welt / |
| Statement of responsibility, etc. | Herausgegeben von K. Trubner. |
| 260 ## - PUBLICATION, DISTRIBUTION, ETC. | |
| Place of publication, distribution, etc. | Strassburg : |
| Name of publisher, distributor, etc. | K. J. Trübner, |
| Date of publication, distribution, etc. | 1906. |
| 300 ## - PHYSICAL DESCRIPTION | |
| Extent | v. : |
| Other physical details | Fronts.(ports.). |
| 505 10 - FORMATTED CONTENTS NOTE | |
| Miscellaneous information | Jg. 15 (1906, 1493 p.): |
| Title | 1905-1906/ |
| Statement of responsibility | K. Trubner(Hrsg.) |
| 650 14 - SUBJECT ADDED ENTRY--TOPICAL TERM | |
| Topical term or geographic name entry element | Universities and colleges |
| Form subdivision | Periodicals |
| 650 14 - SUBJECT ADDED ENTRY--TOPICAL TERM | |
| Topical term or geographic name entry element | Learned institutions and societies |
| Form subdivision | Periodicals |
| 650 14 - SUBJECT ADDED ENTRY--TOPICAL TERM | |
| Topical term or geographic name entry element | Universities and colleges |
| Form subdivision | Periodicals |
| 700 1# - ADDED ENTRY--PERSONAL NAME | |
| Personal name | Trubner, K. |
| Relationship | edt |
| Withdrawn status | Lost status | Source of classification or shelving scheme | Damaged status | Not for loan | Collection | Home library | Current library | Date acquired | Serial enumeration / chronology | Total checkouts | Full call number | Barcode | Date last seen | Price effective from | Koha item type | Public note |
|---|---|---|---|---|---|---|---|---|---|---|---|---|---|---|---|---|
| Universal Decimal Classification | Levonyan Individual Collection | Fundamental Scientific Library | Fundamental Scientific Library | 11/01/2017 | Jg. 15, 1905-1906 | LEV/640 | FL0434077 | 11/01/2017 | 11/01/2017 | Գրքեր / Books | ILL Non-Circ. |
ՀՀ Գիտությունների ազգային ակադեմիայի հիմնարար գիտական գրադարան = Fundamental Scientific Library of NAS RA
All site content, except where otherwise noted, is licensed under a